|
|
|
|
| LEADER |
01318nam a2200337 a 4500 |
| 001 |
28803 |
| 003 |
BD-DhAAL |
| 005 |
20150111160139.0 |
| 008 |
150111s1998 nyu 000 0aeng |
| 010 |
|
|
|a 98006749
|
| 020 |
|
|
|a 0060174056
|
| 040 |
|
|
|a DLC
|c DLC
|d DLC
|d BD-DhAAL
|
| 041 |
|
|
|a eng
|
| 043 |
|
|
|a n-us-tx
|
| 050 |
0 |
0 |
|a R154.V53
|b A3 1998
|
| 082 |
0 |
0 |
|a 610/.92
|2 21
|
| 100 |
1 |
|
|a Verghese, A.
|q (Abraham),
|d 1955-
|9 7341
|
| 245 |
1 |
4 |
|a The tennis partner :
|b a doctor's story of friendship and loss /
|c Abraham Verghese.
|
| 250 |
|
|
|a 1st ed.
|
| 260 |
|
|
|a New York :
|b HarperCollins,
|c c1998.
|
| 300 |
|
|
|a 345 p. ;
|c 25 cm.
|
| 541 |
|
|
|e 28803
|
| 600 |
1 |
0 |
|a Verghese, A.
|q (Abraham),
|d 1955-
|9 7342
|
| 650 |
|
0 |
|a Physicians
|z Texas
|z El Paso
|v Biography.
|9 7343
|
| 650 |
|
0 |
|a Internal medicine
|x Study and teaching
|z Texas
|z El Paso.
|9 7344
|
| 650 |
|
0 |
|a Tennis.
|9 7345
|
| 650 |
|
0 |
|a Intravenous drug abuse.
|9 7346
|
| 856 |
4 |
2 |
|3 Contributor biographical information
|u http://www.loc.gov/catdir/enhancements/fy1308/98006749-b.html
|
| 942 |
|
|
|2 ddc
|c BK
|
| 999 |
|
|
|c 33462
|d 33462
|
| 952 |
|
|
|0 0
|1 0
|2 ddc
|4 0
|6 610_920000000000000_VER
|7 0
|9 44724
|a BRACUL
|b BRACUL
|c GEN
|d 2015-01-11
|e BRAC Institute of Language (BIL)
|l 1
|m 14
|o 610.92 VER
|p 3010028803
|r 2025-07-21
|s 2023-02-22
|t 1
|w 2015-01-11
|y BK
|x Transferred from BIL to BRACUL on 06/06/22
|